000 01736nam a2200349 4500
003 OSt
005 20260513170325.0
008 260513b |||||||| |||| 00| 0 aze d
020 _a9952418113
040 _aAZ-XaKU
_baze
_cAZ-XaKU
041 0 _aaze
050 1 4 _aPL314 .S27 .W892562004
100 1 _aSarıvəli, Osman
_cyazıçı,
_d1905-1990,
_emüəllif.
245 1 _aSeçilmiş əsərləri
_b/Osman, Sarıvəli yazıçı ; ön söz müəllifi Bəxtiyar Vahabzadə ; tərtib edəni və redaktoru Azər Qurbanov ; buraxılışa məsul Əziz Güləliyev ; texniki redaktor Rövşən Ağayev ; tərtibatçı-rəssam Nərgiz Əliyeva ; korrektor Elmira Teymurova.
264 _aBakı ;
_bŞərq-Qərb ;
_c2004.
300 _a208 səhifə ;
_c22.5 sm.
336 _atext
_btxt
_2rdacontent
337 _aunmediated
_bn
_2rdamedia
338 _avolume
_bnc
_2rdacarrier
490 1 _aMüasir Azərbaycan ədəbiyyatı
505 0 _a1. Məhəbbət -- 2. Bu dünya durduqca duracaqsınız -- 3. Ən geniş ələm -- 4. Həyat fəlsəfəsi -- 5. "Köhnə kəndin mənzərələri" silsiləsindən -- 6. Şair və təbiət -- 7. Cənublu qardaşlarıma -- 8. Aşıq dostuma -- 9. Qocalıq -- 10. Yaşamaq eşqi -- 11. Balaca dostlar
650 7 _2AZ-XaKU
_aBədii ədəbiyyat
_zAzərbaycan
700 1 _aVahabzadə, Bəxdiyar.
_eön söz müəllifi,
700 1 _aQurbanov, Anar.
_etərtib edəni və redaktoru.
700 1 _aGüləliyev, Əziz,
_eburaxılışa məsul.
700 1 _aAğayev, Rövşən,
_etexniki redaktor.
700 1 _aƏliyeva, Nərgiz,
_etərtibatçı-rəssam.
700 1 _aTeymurova, Elmira,
_ekorrektor.
830 _aMüasir Azərbaycan ədəbiyyatı
942 _cBOOK
999 _c466
_d466